000 00818nas a2200289 4500
001 BR2011001945
003 BR-BrBNA
005 20231205114924.0
007 ta
008 230509b bl.|||p| |||| 00| 00por d
040 _aBR-BrBNA
_bpor
_cBiblioteca Nacional de Agricultura
041 _a(Pt)
072 _aL73; L70
100 1 _aMussel, C.
100 1 _aMelo, F.R.
100 1 _aBlume, H.
100 1 _aMulinari, F.
245 1 _aMétodos de diagnóstico para detecção de prostatopatias caninas
650 _aCÃO
650 _aCÂNCER
650 _aDIAGNÓSTICO
650 _aDOENÇA ANIMAL
650 _aVETERINÁRIA
773 0 _tCiência Rural (Brazil)
_xISSN 0103-8478
_g(Dec 2010), v. 40(12) p. 2616-2622
_wBR2011001945
909 _a202311
_bLúcia
_c55
_dLúcia Elande
942 _2AGRIS
_n0
_cANA
999 _c211230
_d211230